Técnicas de medición económica : (Registro nro. 5347)

Detalles MARC
000 -LEADER
fixed length control field 01143nam a2200265Ia 4500
003 - CONTROL NUMBER IDENTIFIER
control field OSt
005 - DATE AND TIME OF LATEST TRANSACTION
control field 20200610015223.0
008 - FIXED-LENGTH DATA ELEMENTS--GENERAL INFORMATION
fixed length control field 191128s1991 ck ad fr 000 0 spa d
020 ## - INTERNATIONAL STANDARD BOOK NUMBER
International Standard Book Number 9586013367
040 ## - CATALOGING SOURCE
Original cataloging agency CO-JMCR
Transcribing agency CO-JMCR
041 0# - LANGUAGE CODE
Language code of text/sound track or separate title spa
082 04 - DEWEY DECIMAL CLASSIFICATION NUMBER
Classification number 330.0151 /
Item number L865t2
Edition number 23
100 1# - MAIN ENTRY--PERSONAL NAME
Personal name Lora Torres, Eduardo,
Relator term autor
9 (RLIN) 5349
245 #0 - TITLE STATEMENT
Title Técnicas de medición económica :
Remainder of title metodología y aplicaciones en Colombia /
Statement of responsibility, etc. Eduardo Lora Torres
250 ## - EDITION STATEMENT
Edition statement Segunda edición
260 ## - PUBLICATION, DISTRIBUTION, ETC.
Place of publication, distribution, etc. Bogotá :
Name of publisher, distributor, etc. Tercer Mundo ; Fedesarrollo,
Date of publication, distribution, etc. 1991
300 ## - PHYSICAL DESCRIPTION
Extent 490 páginas :
Other physical details gráficos a blanco y negro ;
Dimensions 22 cm.
490 0# - SERIES STATEMENT
Series statement Economía colombiana
505 0# - FORMATTED CONTENTS NOTE
Formatted contents note Indicadores de población -- Indicadores de empleo y desempleo -- Indicadores de nivel de vida, desigualdad y pobreza -- Conceptos de agregación económica -- Indicadores económicos agregados -- Un sistema simplificado de cuentas nacionales
650 14 - SUBJECT ADDED ENTRY--TOPICAL TERM
Topical term or geographic name entry element Estadísticas económicas
Geographic subdivision Colombia
9 (RLIN) 5360
650 14 - SUBJECT ADDED ENTRY--TOPICAL TERM
Topical term or geographic name entry element Estadísticas sociales
Geographic subdivision Colombia
9 (RLIN) 5361
650 14 - SUBJECT ADDED ENTRY--TOPICAL TERM
Topical term or geographic name entry element Modelos económicos
Geographic subdivision Colombia
9 (RLIN) 5362
650 14 - SUBJECT ADDED ENTRY--TOPICAL TERM
Topical term or geographic name entry element Econometría
Geographic subdivision Colombia
9 (RLIN) 5363
942 ## - ADDED ENTRY ELEMENTS (KOHA)
Source of classification or shelving scheme Dewey Decimal Classification
Koha item type Books
Existencias
Withdrawn status Lost status Source of classification or shelving scheme Damaged status Not for loan Collection code Home library Current library Date acquired Source of acquisition Cost, normal purchase price Total Checkouts Full call number Barcode Date last seen Copy number Koha item type
    Dewey Decimal Classification     Non-fiction Biblioteca Pública José María del Castillo y Rada Biblioteca Pública José María del Castillo y Rada 04/15/2018 Donación 0.00   330.0151 / L865t2 430001739 05/16/2024 Ej.1 Books